000 02940cam a22003978i 4500
001 21653497
003 CSPC
005 20250903172704.0
008 200805s2021 enk b 001 0 eng
010 _a 2020035545
020 _a9780367860066
_q(paperback)
035 _a21653497
040 _aDLC
_beng
_erda
_cDLC
_dCSPC
042 _apcc
050 0 0 _aHG4026
_b.A835 2021
082 0 0 _a658.152
_bAs11c
_223
100 1 _aAsai, Kentaro,
_eauthor.
245 1 0 _aCorporate finance and capital structure :
_ba theoretical introduction /
_cKentaro Asai.
263 _a2012
264 1 _aAbingdon, Oxon ;
_aNew York, NY :
_bRoutledge,
_c2021.
300 _avi, 97 pages ;
_c24 cm.
336 _atext
_btxt
_2rdacontent
337 _aunmediated
_bn
_2rdamedia
338 _avolume
_bnc
_2rdacarrier
504 _aIncludes bibliographical references and index.
505 0 _aIntroduction -- Capital structure choice in a frictionless world -- Trade-off theory -- Agency theory -- Security design -- Asymmetric information -- Continuous-time model -- Capital structure of a bank.
520 _a"Capital structure choice is essential for an institution to maximize its value. Because the institution's decision maker decides how to finance projects before making investment decisions, her financial decisions ultimately affect every aspect of operations thereafter. This book discusses several key theories of corporate capital structure to answer how funding structure shapes an institution's value. In this book, the author emphasizes microeconomic foundations of capital structure theory. He shows how various microeconomic frameworks, such as price and game theories, principal-agent model, and mechanism design, can be applied to solve the optimal capital structure of a firm. By getting used to optimize corporate capital structure subject to various constraints via microeconomic frameworks, readers become capable of investigating how to finance projects in their own setups. Thus, this book not only informs readers of specific knowledge, but also provides them with tools to solve new problems that they will face in their future. This will be a valuable resource for students of corporate finance at the post-graduate or doctoral level, and also serves as the material for professional training aimed to practitioners and regulators with technical expertise"--
_cProvided by publisher.
650 0 _aCorporations
_xFinance.
650 0 _aCapital.
650 0 _aValuation.
776 0 8 _iOnline version:
_aAsai, Kentaro.
_tCorporate finance and capital structure
_dAbingdon, Oxon ; New York, NY : Routledge, 2021.
_z9781003016380
_w(DLC) 2020035546
906 _a7
_bcbc
_corignew
_d1
_eecip
_f20
_gy-gencatlg
942 _2ddc
_cBK
_e23
_h658.152
_iAs11c
_kGRD
_m2021
_n0
999 _c30306
_d30306